| 000 | 01494nam a2200373 i 4500 | ||
|---|---|---|---|
| 003 | DO-SdBNP | ||
| 005 | 20260524005308.0 | ||
| 007 | ta | ||
| 008 | 240325s2013 dr c 000 j spa d | ||
| 020 | _a9781932766400 | ||
| 040 |
_aDO-SdBNP _bspa _cBNPHU _erda |
||
| 082 | 1 |
_a320.97293 _bR696 _223 |
|
| 100 |
_aRodríguez Beruff, Jorge, _eautor _4aut. _911765 |
||
| 245 | 1 | 0 |
_aEntre islas : _bhomenaje puertorriqueño a Juan Bosch / _cJorge Rodríguez Beruff ; editor, Juan B. Giusti de Jesús ; presentación, Franklin Franco |
| 250 | _bPrimera edición | ||
| 264 | 1 |
_aSan Juan, Puerto Rico : _bEditora Callejón, _c2013. |
|
| 300 |
_a226 páginas : _c22 cm |
||
| 336 |
_atexto _btxt _2rdacontent |
||
| 337 |
_asin mediación _bn _2rdamedia |
||
| 338 |
_avolumen _bnc _2rdacarrier |
||
| 490 | 1 | _aColección En Fuga | |
| 490 | 1 | _aEnsayo | |
| 500 | _aIncluye datos biográficos de los editores en las paginas 221-226. | ||
| 590 | _aInventariado, 2024/ YL | ||
| 600 | 7 |
_2Lemb _aBosch, Juan _xPensamiento político y social _y1909-2001 _989712 |
|
| 650 | 7 |
_2Lemb _aIntelectuales _vBiografía _zRepública Dominicana _989713 |
|
| 651 | 7 |
_2Lemb _aRepública Dominicana _xRealciones _zPuerto Rico _989714 |
|
| 651 | 7 |
_2Lemb _aPuerto Rico _xRealciones _zRepública Dominicana _989715 |
|
| 700 | 1 |
_aGiusti de Jesús, Juan B., _eeditor _4ed. _985093 |
|
| 700 | 1 |
_aFranco, Franklin, _epresentación _934451 |
|
| 830 |
_aColección En Fuga _pEnsayo _986934 |
||
| 910 | _aYLockward | ||
| 942 |
_2ddc _cLBS1 _e23 |
||
| 999 |
_c56197 _d56197 |
||